| 000 | 00813cam a2200205 4500 | ||
|---|---|---|---|
| 008 | 020125n2002 000 0 eng u | ||
| 020 | _a0471359246 | ||
| 035 | _a(Sirsi) u116478 | ||
| 050 | _a691 | ||
| 100 |
_aKutz, M. _xEditor |
||
| 245 | _aHandbook of materials selection | ||
| 260 |
_aNew York _bWiley _c2002 |
||
| 300 |
_axvii,1497p. _bill. _c25cm. |
||
| 350 | _a167 | ||
| 520 | _aAdvises on approaches to the selection of, sources of information on, testing of, and manufacturing and assembly techniques for building materials. Aimed at both practitioners and students the text is illustrated with photographs as well as charts, graphs and tables. | ||
| 650 | _aBUILDING COMPONENTS | ||
| 650 | _aBUILT ENVIRONMENT-BUILDING MATERIALS | ||
| 690 | _aBUILT ENVIRONMENT-BUILDING MATERIALS | ||
| 942 | _n0 | ||
| 999 |
_c101863 _d101863 |
||